LEADER 02322oam 2200637I 450 001 9910777362803321 005 20230207223316.0 010 $a1-134-78648-4 010 $a9786610281039 010 $a1-134-78649-2 010 $a1-280-28103-0 010 $a0-203-99177-X 024 7 $a10.4324/9780203991770 035 $a(CKB)1000000000002014 035 $a(EBL)254444 035 $a(OCoLC)50853816 035 $a(SSID)ssj0000136353 035 $a(PQKBManifestationID)11152555 035 $a(PQKBTitleCode)TC0000136353 035 $a(PQKBWorkID)10084307 035 $a(PQKB)11047482 035 $a(MiAaPQ)EBC254444 035 $a(Au-PeEL)EBL254444 035 $a(CaPaEBR)ebr2002356 035 $a(CaONFJC)MIL28103 035 $a(EXLCZ)991000000000002014 100 $a20180331d2000 uy 0 101 0 $aeng 135 $aur|n|---||||| 181 $ctxt 182 $cc 183 $acr 200 14$aThe delicious history of the holiday /$fFred Inglis 210 1$aLondon ;$aNew York :$cRoutledge,$d2000. 215 $a1 online resource (219 p.) 300 $aDescription based upon print version of record. 311 $a0-415-13304-1 311 $a0-415-13305-X 320 $aIncludes bibliographical references and index. 327 $aBOOK COVER; TITLE; COPYRIGHT; CONTENTS; ILLUSTRATIONS; PREFACE; ACKNOWLEDGEMENTS; 1 THE PERFECT HOLIDAY; 2 THE INVENTION OF TOURISM; 3 CONFECTING SEASIDE; 4 THE MEANING OF LUXURY; 5 MAGNETIC DANGERS; 6 THE INDUSTRIALISATION OF MOBILITY; 7 THE MEDITERRANEAN; 8 FOREIGN BODIES; 9 CITY STATES; 10 FUTURES; NOTES; BIBLIOGRAPHY; INDEX 330 $aFred Inglis traces the rise of the holiday from its early roots in the Grand Tour, through the coming of Thomas Cook and his Blackpool packages, to sex tourism and the hippie trail to Kathmandu. 606 $aTravel$xHistory 606 $aVacations$xSocial aspects$xHistory 606 $aTourism$xHistory 615 0$aTravel$xHistory. 615 0$aVacations$xSocial aspects$xHistory. 615 0$aTourism$xHistory. 676 $a306.48 700 $aInglis$b Fred.$0160477 801 0$bMiAaPQ 801 1$bMiAaPQ 801 2$bMiAaPQ 906 $aBOOK 912 $a9910777362803321 996 $aThe delicious history of the holiday$93744717 997 $aUNINA